00218nam a22001097a 4500003000400000082001300004100002300017245002500040250000800065260002700073300000800100SGT a531bGOL aGOLDSTEIN, HEVBERT aCLASSICAL MECHANICS  a3RD aINDIA bPEARSON c2021 a646